000 00461cam a2200193ua 4500
001 9032
008 150220n ii |||gr||||Z||||||eng
020 _a9788185002828
040 _cMAIN
041 _aeng
082 _a294.5
100 _aPathak, P.,
_eTranslator.
245 1 _aBhakti ratnavali
_cTranslated by P. Pathak
250 _a1st.
260 _aNew Delhi:
_bPromilla,
_c2009.
300 _a274p.
653 _aReligions ofIndic origin
942 _cBK
999 _c8122
_d8122